00715nam a22002297a 4500003001100000005001700011008004100028020001800069040003900087041000800126082001700134100002400151245003700175260005500212300002600267650006000293650003500353650003400388650002500422700001900447700001900466LK-CoMWRAF20231226104100.0231226b2009 |||||||| |||| 00| 0 eng d a9789551772444 aLK-CoMWRAFdLK-CoMWRAFeLK-CoMWRAF aeng a303.485bATT aAttanapola, Chamila aGender and post-tsunami recovery aColombo : bSocial Scientists' Association, c2009 a14 p. : ill. ; 23 cm. aWomen disaster victims -- Rehabilitation -- Sri Lanka  aNatural disasters -- Sri Lanka a Disaster relief -- Sri Lanka aIndian Ocean Tsunami aBrun, Cathrine aLund, Ragnhild